| 000 | 00689nam a2200253 i 4500 | ||
|---|---|---|---|
| 001 | bg | ||
| 003 | BPK | ||
| 005 | 20131217145344.0 | ||
| 008 | 950505s1975 pl f |000 0 pol | ||
| 040 | _cBPK | ||
| 041 | 1 |
_apol _heng |
|
| 080 | _a66.01/.09 | ||
| 080 | _a51 | ||
| 080 | _a62-5 | ||
| 100 | 1 | _aFriedly, John C. | |
| 245 | 0 |
_aAnaliza dynamiki procesów / _cJohn C. Friedly ; Tłum. [z ang.] Zygmunt Uhrynowski, Witold Włodarski. |
|
| 246 | 3 | 0 | _aDynamic behavior of processes |
| 260 |
_aWarszawa : _bWydawn. Nauk.-Techn., _c1975. |
||
| 300 |
_as. 511 : _brys. |
||
| 504 | _a[Zawiera bibliogr.]. | ||
| 650 | 4 | _aTechnologia chemiczna. | |
| 650 | 4 | _aDynamika. | |
| 942 |
_cKS _2udc |
||
| 999 |
_c16748 _d16748 |
||
| 856 |
_uhttp://koha.tu.koszalin.pl/cgi-bin/koha/opac-detail.pl?biblionumber=16748 _yKatalog online BPK |
||